Colonial and postcolonial fiction : an anthropology

Αποθηκεύτηκε σε:
Λεπτομέρειες βιβλιογραφικής εγγραφής
Άλλοι συγγραφείς: Ross, Robert L. (Επιμελητής έκδοσης)
Μορφή: Βιβλίο
Γλώσσα:English
Δημοσίευση: [New York] : [Routledge], [1999]
Σειρά:Garland reference library of the humanities ; ; 1770
Θέματα:
Ετικέτες: Προσθήκη ετικέτας
Δεν υπάρχουν, Καταχωρήστε ετικέτα πρώτοι!

MARC

LEADER 00000nam a2200000 i 4500
001 1/58546
008 071012s1999 eng d
020 |a 0-8153-3320-X 
035 |l 10091507 
040 |a GR-MY-UA  |b gre  |e aacr 
041 0 |a eng 
082 0 |a 823.08035  |2 (22) 
245 1 0 |a Colonial and postcolonial fiction :  |b an anthropology /  |c edited by Robert L. Ross 
260 |a [New York] :   |b [Routledge],   |c [1999] 
300 |a ix, 457 σ.;  |c 22 εκ. 
490 1 |a Garland reference library of the humanities  |v ; 1770 
504 |a Περιλαμβάνει βιβλιογραφίες 
650 0 0 |a Commonwealth fiction (English) 
650 0 0 |a Postcolonialism  |x Fiction. 
651 0 |a Commonwealth countries  |x Social life and customs  |x Fiction. 
651 0 |a Great Britain  |x Colonies  |x History. 
700 1 |a Ross, Robert L.  |4 edt 
830 0 |a Garland reference library of the humanities ;  |v ; 1770 
852 |a INST  |b RHODES  |e 20071012  |h 823.08035 COL  |p 005400025427  |q 005400025427  |t BK  |y 0 
901 |a BIBL4-2007-3 
909 |a Ρ  |b 139514 
922 |a 4ΕΛΗ  |b 200709  |c ΕΠΕΑΕΚ2/ΠΤΔΕ  |d ΠΑΠΑΣΩΤΗΡΙΟΥ 
970 |a ΧΑΡΙΟΠΟΛΙΤΟΥ  |b ΚΩΝΣΤΑΝΤΙΝΑ  |z 2007/10/12